[Event "Deutsche Ländermeisterschaft 2025"]
[Site "Oer-Erkenschwick GER"]
[Date "2025.10.03"]
[Round "5"]
[White "Möller, Maurin"]
[Black "Ratushnyi, Viktor"]
[Result "1-0"]
[Termination "normal"]
[Board "1.4"]
[WhiteTitle "FM"]
[WhiteElo "2317"]
[BlackElo "2087"]
[WhiteClock "00:07:57"]
[BlackClock "00:07:23"]
[WhiteTeam "Nordrhein-Westfalen 1"]
[BlackTeam "Bayern"]
[PlyCount "119"]
[WhiteFideId "16265696"]
[BlackFideId "34167293"]
[EventCountry "GER"]
[EventRounds "7"]
[EventType "team-swiss"]
[EventDate "2025.09.30"]

1. e4 {[%clk 01:30:54]} {[%emt 00:00:05]} e5 {[%clk 01:30:54]} {[%emt
00:00:07]} 2. Nf3 {[%clk 01:31:15]} {[%emt 00:00:09]} Nc6 {[%clk 01:31:19]}
{[%emt 00:00:05]} 3. Bc4 {[%clk 01:30:30]} {[%emt 00:01:15]} Nf6 {[%clk
01:28:04]} {[%emt 00:03:45]} 4. d3 {[%clk 01:27:03]} {[%emt 00:03:57]} Be7
{[%clk 01:28:10]} {[%emt 00:00:24]} 5. Nc3 {[%clk 01:25:39]} {[%emt 00:01:55]}
O-O {[%clk 01:27:19]} {[%emt 00:01:20]} 6. h3 {[%clk 01:24:51]} {[%emt
00:01:18]} d6 {[%clk 01:26:35]} {[%emt 00:01:15]} 7. a4 {[%clk 01:24:57]}
{[%emt 00:00:25]} Be6 {[%clk 01:24:42]} {[%emt 00:02:23]} 8. O-O {[%clk
01:18:43]} {[%emt 00:06:43]} a5 {[%clk 01:11:45]} {[%emt 00:13:28]} 9. Re1
{[%clk 01:12:54]} {[%emt 00:06:17]} Bxc4 {[%clk 01:06:38]} {[%emt 00:05:38]}
10. dxc4 {[%clk 01:13:14]} {[%emt 00:00:10]} h6 {[%clk 01:07:00]} {[%emt
00:00:08]} 11. Nd5 {[%clk 01:05:50]} {[%emt 00:07:54]} Nh7 {[%clk 00:56:39]}
{[%emt 00:10:51]} 12. Ra3 {[%clk 00:52:35]} {[%emt 00:13:45]} Rc8 {[%clk
00:48:59]} {[%emt 00:08:11]} 13. Ne3 {[%clk 00:43:21]} {[%emt 00:09:43]} g6
{[%clk 00:43:35]} {[%emt 00:05:54]} 14. c5 {[%clk 00:41:24]} {[%emt 00:02:26]}
dxc5 {[%clk 00:28:13]} {[%emt 00:15:53]} 15. Rd3 {[%clk 00:41:18]} {[%emt
00:00:36]} Qe8 {[%clk 00:27:34]} {[%emt 00:01:10]} 16. Ng4 {[%clk 00:36:43]}
{[%emt 00:05:05]} h5 {[%clk 00:24:19]} {[%emt 00:03:45]} 17. Ngxe5 {[%clk
00:36:54]} {[%emt 00:00:19]} Nxe5 {[%clk 00:22:54]} {[%emt 00:01:55]} 18. Nxe5
{[%clk 00:37:20]} {[%emt 00:00:05]} Qxa4 {[%clk 00:22:28]} {[%emt 00:00:56]}
19. b3 {[%clk 00:27:44]} {[%emt 00:10:06]} Qb5 {[%clk 00:21:48]} {[%emt
00:01:10]} 20. Qf3 {[%clk 00:23:57]} {[%emt 00:04:17]} Bd6 {[%clk 00:18:36]}
{[%emt 00:03:41]} 21. Nc4 {[%clk 00:23:12]} {[%emt 00:01:16]} Be7 {[%clk
00:13:44]} {[%emt 00:05:22]} 22. e5 {[%clk 00:16:08]} {[%emt 00:07:34]} Bg5
{[%clk 00:11:57]} {[%emt 00:02:16]} 23. Bb2 {[%clk 00:13:20]} {[%emt 00:03:19]}
Rce8 {[%clk 00:09:41]} {[%emt 00:02:46]} 24. e6 {[%clk 00:08:28]} {[%emt
00:05:23]} Rxe6 {[%clk 00:09:13]} {[%emt 00:00:57]} 25. Rxe6 {[%clk 00:08:53]}
{[%emt 00:00:05]} fxe6 {[%clk 00:09:41]} {[%emt 00:00:02]} 26. Qe4 {[%clk
00:08:46]} {[%emt 00:00:37]} Qe8 {[%clk 00:09:40]} {[%emt 00:00:31]} 27. Qxb7
{[%clk 00:09:05]} {[%emt 00:00:11]} Bf6 {[%clk 00:03:24]} {[%emt 00:06:45]} 28.
Bxf6 {[%clk 00:07:10]} {[%emt 00:02:25]} Nxf6 {[%clk 00:03:53]} {[%emt
00:00:01]} 29. Qxc7 {[%clk 00:07:25]} {[%emt 00:00:15]} a4 {[%clk 00:02:03]}
{[%emt 00:02:20]} 30. Nd6 {[%clk 00:05:51]} {[%emt 00:02:03]} Qb8 {[%clk
00:01:22]} {[%emt 00:01:10]} 31. Qxc5 {[%clk 00:05:37]} {[%emt 00:00:45]} axb3
{[%clk 00:01:22]} {[%emt 00:00:31]} 32. Rxb3 {[%clk 00:05:07]} {[%emt
00:00:59]} Qa8 {[%clk 00:01:41]} {[%emt 00:00:11]} 33. Qg5 {[%clk 00:04:45]}
{[%emt 00:00:52]} Qa1+ {[%clk 00:01:00]} {[%emt 00:01:10]} 34. Kh2 {[%clk
00:05:11]} {[%emt 00:00:05]} Kh8 {[%clk 00:00:36]} {[%emt 00:00:55]} 35. Rb7
{[%clk 00:05:18]} {[%emt 00:00:22]} Nh7 {[%clk 00:00:35]} {[%emt 00:00:31]} 36.
Qg3 {[%clk 00:04:27]} {[%emt 00:01:21]} Qf6 {[%clk 00:00:38]} {[%emt 00:00:27]}
37. Ne4 {[%clk 00:04:08]} {[%emt 00:00:49]} Qf5 {[%clk 00:00:34]} {[%emt
00:00:35]} 38. Qc7 {[%clk 00:03:50]} {[%emt 00:00:48]} Qf4+ {[%clk 00:00:42]}
{[%emt 00:00:22]} 39. Qxf4 {[%clk 00:04:06]} {[%emt 00:00:13]} Rxf4 {[%clk
00:01:11]} {[%emt 00:00:02]} 40. f3 {[%clk 00:04:16]} {[%emt 00:00:19]} Nf6
{[%clk 00:00:38]} {[%emt 00:01:02]} 41. Kg3 {[%clk 00:17:41]} {[%emt 00:17:06]}
e5 {[%clk 00:20:28]} {[%emt 00:10:41]} 42. Nxf6 {[%clk 00:15:20]} {[%emt
00:02:50]} Rxf6 {[%clk 00:20:55]} {[%emt 00:00:03]} 43. Rc7 {[%clk 00:15:43]}
{[%emt 00:00:07]} Rf4 {[%clk 00:18:35]} {[%emt 00:02:49]} 44. Kf2 {[%clk
00:14:50]} {[%emt 00:01:23]} e4 {[%clk 00:17:38]} {[%emt 00:01:27]} 45. Kg3
{[%clk 00:12:21]} {[%emt 00:02:59]} exf3 {[%clk 00:17:45]} {[%emt 00:00:23]}
46. gxf3 {[%clk 00:12:43]} {[%emt 00:00:08]} Rd4 {[%clk 00:15:02]} {[%emt
00:03:13]} 47. h4 {[%clk 00:12:00]} {[%emt 00:01:13]} Kg8 {[%clk 00:14:08]}
{[%emt 00:01:24]} 48. c3 {[%clk 00:12:14]} {[%emt 00:00:17]} Rd1 {[%clk
00:11:10]} {[%emt 00:03:28]} 49. Kf4 {[%clk 00:11:40]} {[%emt 00:01:02]} Rh1
{[%clk 00:10:48]} {[%emt 00:00:53]} 50. Kg5 {[%clk 00:11:28]} {[%emt 00:00:43]}
Rg1+ {[%clk 00:11:08]} {[%emt 00:00:10]} 51. Kf6 {[%clk 00:10:55]} {[%emt
00:01:03]} Rg3 {[%clk 00:11:10]} {[%emt 00:00:28]} 52. c4 {[%clk 00:10:47]}
{[%emt 00:00:38]} g5 {[%clk 00:07:40]} {[%emt 00:04:00]} 53. Rg7+ {[%clk
00:07:54]} {[%emt 00:03:23]} Kf8 {[%clk 00:07:11]} {[%emt 00:00:59]} 54. Rxg5
{[%clk 00:08:19]} {[%emt 00:00:05]} Rxf3+ {[%clk 00:07:34]} {[%emt 00:00:08]}
55. Ke6 {[%clk 00:08:26]} {[%emt 00:00:22]} Re3+ {[%clk 00:07:00]} {[%emt
00:01:04]} 56. Re5 {[%clk 00:08:47]} {[%emt 00:00:08]} Ra3 {[%clk 00:06:40]}
{[%emt 00:00:50]} 57. Rxh5 {[%clk 00:07:17]} {[%emt 00:02:00]} Ra6+ {[%clk
00:07:02]} {[%emt 00:00:08]} 58. Kd7 {[%clk 00:07:39]} {[%emt 00:00:08]} Ra7+
{[%clk 00:07:20]} {[%emt 00:00:12]} 59. Kc8 {[%clk 00:07:38]} {[%emt 00:00:31]}
Ra4 {[%clk 00:07:23]} {[%emt 00:00:28]} 60. c5 {[%clk 00:07:57]} {[%emt
00:00:10]} 1-0

[Event "Deutsche Ländermeisterschaft 2025"]
[Site "Oer-Erkenschwick GER"]
[Date "2025.10.03"]
[Round "5"]
[White "Reich, Elisabeth"]
[Black "Neumann, Helena"]
[Result "0-1"]
[Termination "normal"]
[Board "1.5"]
[BlackTitle "WFM"]
[WhiteElo "1894"]
[BlackElo "2126"]
[WhiteClock "00:05:39"]
[BlackClock "00:49:51"]
[WhiteTeam "Bayern"]
[BlackTeam "Nordrhein-Westfalen 1"]
[PlyCount "78"]
[WhiteFideId "16239776"]
[BlackFideId "16275365"]
[EventCountry "GER"]
[EventRounds "7"]
[EventType "team-swiss"]
[EventDate "2025.09.30"]

1. Nf3 {[%clk 01:30:57]} {[%emt 00:00:02]} Nf6 {[%clk 01:30:56]} {[%emt
00:00:04]} 2. d3 {[%clk 01:31:23]} {[%emt 00:00:04]} d5 {[%clk 01:29:58]}
{[%emt 00:01:28]} 3. Nbd2 {[%clk 01:31:48]} {[%emt 00:00:05]} c5 {[%clk
01:27:46]} {[%emt 00:02:43]} 4. e4 {[%clk 01:32:04]} {[%emt 00:00:13]} Nc6
{[%clk 01:27:33]} {[%emt 00:00:43]} 5. g3 {[%clk 01:32:25]} {[%emt 00:00:08]}
e5 {[%clk 01:25:47]} {[%emt 00:02:17]} 6. Bg2 {[%clk 01:32:49]} {[%emt
00:00:05]} Be7 {[%clk 01:24:07]} {[%emt 00:02:10]} 7. O-O {[%clk 01:33:10]}
{[%emt 00:00:07]} O-O {[%clk 01:24:30]} {[%emt 00:00:08]} 8. Qe2 {[%clk
01:30:10]} {[%emt 00:03:28]} dxe4 {[%clk 01:21:03]} {[%emt 00:03:59]} 9. dxe4
{[%clk 01:30:28]} {[%emt 00:00:11]} Nd4 {[%clk 01:21:18]} {[%emt 00:00:15]} 10.
Nxd4 {[%clk 01:29:35]} {[%emt 00:01:23]} cxd4 {[%clk 01:21:44]} {[%emt
00:00:05]} 11. Nc4 {[%clk 01:25:12]} {[%emt 00:04:52]} Qc7 {[%clk 01:20:33]}
{[%emt 00:01:42]} 12. f4 {[%clk 01:21:52]} {[%emt 00:03:50]} Bg4 {[%clk
01:17:53]} {[%emt 00:03:11]} 13. Qd3 {[%clk 01:17:23]} {[%emt 00:04:57]} Bc5
{[%clk 01:16:48]} {[%emt 00:01:36]} 14. Nxe5 {[%clk 01:14:52]} {[%emt
00:03:01]} Be2 {[%clk 01:17:04]} {[%emt 00:00:15]} 15. Qd2 {[%clk 01:11:28]}
{[%emt 00:03:52]} Bxf1 {[%clk 01:16:35]} {[%emt 00:01:01]} 16. Kxf1 {[%clk
01:11:48]} {[%emt 00:00:09]} Bd6 {[%clk 01:12:40]} {[%emt 00:04:26]} 17. Nd3
{[%clk 01:09:30]} {[%emt 00:02:47]} Ng4 {[%clk 01:12:48]} {[%emt 00:00:23]} 18.
Qe2 {[%clk 01:07:46]} {[%emt 00:02:13]} Ne3+ {[%clk 01:09:55]} {[%emt
00:03:25]} 19. Bxe3 {[%clk 01:08:04]} {[%emt 00:00:11]} dxe3 {[%clk 01:10:22]}
{[%emt 00:00:03]} 20. Qxe3 {[%clk 01:00:40]} {[%emt 00:07:54]} Qxc2 {[%clk
01:09:58]} {[%emt 00:00:53]} 21. e5 {[%clk 00:54:02]} {[%emt 00:07:08]} Be7
{[%clk 01:08:18]} {[%emt 00:02:11]} 22. Bxb7 {[%clk 00:52:07]} {[%emt
00:02:25]} Rab8 {[%clk 01:04:51]} {[%emt 00:03:56]} 23. Rc1 {[%clk 00:42:13]}
{[%emt 00:10:23]} Qxh2 {[%clk 01:03:32]} {[%emt 00:01:50]} 24. Bg2 {[%clk
00:36:49]} {[%emt 00:05:53]} Rfc8 {[%clk 00:58:13]} {[%emt 00:05:51]} 25. Kf2
{[%clk 00:27:39]} {[%emt 00:09:38]} Rxc1 {[%clk 00:55:01]} {[%emt 00:03:44]}
26. Qxc1 {[%clk 00:27:58]} {[%emt 00:00:10]} Bd8 {[%clk 00:54:51]} {[%emt
00:00:41]} 27. Kf3 {[%clk 00:20:43]} {[%emt 00:07:44]} Bb6 {[%clk 00:51:52]}
{[%emt 00:03:30]} 28. Qc4 {[%clk 00:17:21]} {[%emt 00:03:52]} Qg1 {[%clk
00:51:12]} {[%emt 00:01:09]} 29. Qe4 {[%clk 00:12:44]} {[%emt 00:05:05]} Rd8
{[%clk 00:49:06]} {[%emt 00:02:38]} 30. Qe2 {[%clk 00:11:51]} {[%emt 00:01:22]}
Qb1 {[%clk 00:49:00]} {[%emt 00:00:37]} 31. Nb4 {[%clk 00:08:18]} {[%emt
00:04:03]} a5 {[%clk 00:48:50]} {[%emt 00:00:41]} 32. e6 {[%clk 00:05:44]}
{[%emt 00:03:03]} axb4 {[%clk 00:47:35]} {[%emt 00:01:45]} 33. exf7+ {[%clk
00:04:57]} {[%emt 00:01:17]} Kf8 {[%clk 00:47:44]} {[%emt 00:00:21]} 34. Qc4
{[%clk 00:04:06]} {[%emt 00:01:20]} Qd1+ {[%clk 00:48:08]} {[%emt 00:00:08]}
35. Ke4 {[%clk 00:04:10]} {[%emt 00:00:26]} Rd4+ {[%clk 00:48:32]} {[%emt
00:00:05]} 36. Qxd4 {[%clk 00:04:32]} {[%emt 00:00:07]} Qxd4+ {[%clk 00:48:58]}
{[%emt 00:00:05]} 37. Kf5 {[%clk 00:04:55]} {[%emt 00:00:07]} Qd7+ {[%clk
00:49:04]} {[%emt 00:00:24]} 38. Kg5 {[%clk 00:05:15]} {[%emt 00:00:08]} Bd8+
{[%clk 00:49:25]} {[%emt 00:00:11]} 39. Kh5 {[%clk 00:05:39]} {[%emt 00:00:06]}
Qf5# {[%clk 00:49:51]} {[%emt 00:00:05]} 0-1

[Event "Deutsche Ländermeisterschaft 2025"]
[Site "Oer-Erkenschwick GER"]
[Date "2025.10.03"]
[Round "5"]
[White "Müller, Konstantin"]
[Black "Ranganathan, Aadith"]
[Result "1-0"]
[Termination "normal"]
[Board "1.6"]
[WhiteElo "2035"]
[BlackElo "1923"]
[WhiteClock "00:18:40"]
[BlackClock "00:53:22"]
[WhiteTeam "Nordrhein-Westfalen 1"]
[BlackTeam "Bayern"]
[PlyCount "119"]
[WhiteFideId "34661778"]
[BlackFideId "34667121"]
[EventCountry "GER"]
[EventRounds "7"]
[EventType "team-swiss"]
[EventDate "2025.09.30"]

1. e4 {[%clk 01:30:57]} {[%emt 00:00:03]} c6 {[%clk 01:30:51]} {[%emt
00:00:10]} 2. d4 {[%clk 01:31:22]} {[%emt 00:00:05]} d5 {[%clk 01:31:17]}
{[%emt 00:00:04]} 3. Nd2 {[%clk 01:31:48]} {[%emt 00:00:04]} dxe4 {[%clk
01:31:39]} {[%emt 00:00:08]} 4. Nxe4 {[%clk 01:32:14]} {[%emt 00:00:04]} Nf6
{[%clk 01:32:01]} {[%emt 00:00:08]} 5. Nxf6+ {[%clk 01:32:38]} {[%emt
00:00:06]} exf6 {[%clk 01:32:25]} {[%emt 00:00:06]} 6. c3 {[%clk 01:33:03]}
{[%emt 00:00:05]} Bd6 {[%clk 01:32:49]} {[%emt 00:00:06]} 7. Bd3 {[%clk
01:33:26]} {[%emt 00:00:07]} O-O {[%clk 01:33:12]} {[%emt 00:00:07]} 8. Qc2
{[%clk 01:33:52]} {[%emt 00:00:03]} h6 {[%clk 01:33:28]} {[%emt 00:00:14]} 9.
Ne2 {[%clk 01:33:03]} {[%emt 00:01:19]} Re8 {[%clk 01:32:23]} {[%emt 00:01:35]}
10. Be3 {[%clk 01:27:28]} {[%emt 00:06:04]} Be6 {[%clk 01:32:07]} {[%emt
00:00:45]} 11. O-O-O {[%clk 01:22:34]} {[%emt 00:05:26]} b5 {[%clk 01:12:15]}
{[%emt 00:20:22]} 12. Kb1 {[%clk 01:08:54]} {[%emt 00:14:10]} Nd7 {[%clk
01:09:21]} {[%emt 00:03:23]} 13. Bh7+ {[%clk 01:03:27]} {[%emt 00:05:58]} Kh8
{[%clk 01:09:32]} {[%emt 00:00:19]} 14. Be4 {[%clk 01:03:01]} {[%emt 00:00:56]}
Bd5 {[%clk 01:07:18]} {[%emt 00:02:44]} 15. Bxd5 {[%clk 01:01:10]} {[%emt
00:02:22]} cxd5 {[%clk 01:07:27]} {[%emt 00:00:21]} 16. Qb3 {[%clk 00:52:31]}
{[%emt 00:09:09]} Nb6 {[%clk 01:05:25]} {[%emt 00:02:31]} 17. Qxb5 {[%clk
00:52:48]} {[%emt 00:00:14]} Rb8 {[%clk 01:05:42]} {[%emt 00:00:13]} 18. Qd3
{[%clk 00:50:43]} {[%emt 00:02:35]} Nc4 {[%clk 01:03:26]} {[%emt 00:02:46]} 19.
b3 {[%clk 00:49:28]} {[%emt 00:01:45]} Qa5 {[%clk 00:59:34]} {[%emt 00:04:23]}
20. Bc1 {[%clk 00:43:59]} {[%emt 00:05:59]} Qa4 {[%clk 00:49:29]} {[%emt
00:10:35]} 21. Qc2 {[%clk 00:18:58]} {[%emt 00:25:31]} Qb5 {[%clk 00:42:59]}
{[%emt 00:06:59]} 22. Rhe1 {[%clk 00:17:25]} {[%emt 00:02:05]} Rb7 {[%clk
00:41:13]} {[%emt 00:02:15]} 23. Ka1 {[%clk 00:15:19]} {[%emt 00:02:36]} Na3
{[%clk 00:38:39]} {[%emt 00:03:04]} 24. Bxa3 {[%clk 00:14:17]} {[%emt
00:01:33]} Bxa3 {[%clk 00:38:50]} {[%emt 00:00:19]} 25. Nf4 {[%clk 00:11:31]}
{[%emt 00:03:16]} Rbe7 {[%clk 00:38:45]} {[%emt 00:00:34]} 26. Qd2 {[%clk
00:10:07]} {[%emt 00:01:55]} Bd6 {[%clk 00:37:14]} {[%emt 00:02:01]} 27. Rxe7
{[%clk 00:09:50]} {[%emt 00:00:47]} Rxe7 {[%clk 00:37:36]} {[%emt 00:00:08]}
28. Nd3 {[%clk 00:10:04]} {[%emt 00:00:16]} a5 {[%clk 00:36:10]} {[%emt
00:01:55]} 29. Rc1 {[%clk 00:06:48]} {[%emt 00:03:47]} Rc7 {[%clk 00:35:31]}
{[%emt 00:01:09]} 30. Nb2 {[%clk 00:06:13]} {[%emt 00:01:05]} Ba3 {[%clk
00:35:47]} {[%emt 00:00:13]} 31. Re1 {[%clk 00:05:27]} {[%emt 00:01:17]} Bxb2+
{[%clk 00:34:20]} {[%emt 00:01:57]} 32. Kxb2 {[%clk 00:05:28]} {[%emt
00:00:29]} a4 {[%clk 00:34:39]} {[%emt 00:00:10]} 33. Qe2 {[%clk 00:05:12]}
{[%emt 00:00:46]} Qa5 {[%clk 00:33:50]} {[%emt 00:01:19]} 34. b4 {[%clk
00:04:09]} {[%emt 00:01:35]} a3+ {[%clk 00:33:04]} {[%emt 00:01:15]} 35. Kb3
{[%clk 00:04:10]} {[%emt 00:00:29]} Qb6 {[%clk 00:33:01]} {[%emt 00:00:33]} 36.
Qd3 {[%clk 00:04:29]} {[%emt 00:00:11]} g6 {[%clk 00:32:46]} {[%emt 00:00:44]}
37. Qe2 {[%clk 00:02:31]} {[%emt 00:02:28]} Kg7 {[%clk 00:32:52]} {[%emt
00:00:24]} 38. Qd3 {[%clk 00:02:29]} {[%emt 00:00:33]} Qc6 {[%clk 00:32:31]}
{[%emt 00:00:50]} 39. Re2 {[%clk 00:00:52]} {[%emt 00:02:08]} Ra7 {[%clk
00:32:13]} {[%emt 00:00:47]} 40. Kc2 {[%clk 00:01:00]} {[%emt 00:00:22]} Qa4+
{[%clk 00:31:03]} {[%emt 00:01:40]} 41. Kc1 {[%clk 00:00:37]} {[%emt 00:00:53]}
Rc7 {[%clk 00:31:16]} {[%emt 00:00:17]} 42. Kd2 {[%clk 00:29:30]} {[%emt
00:01:37]} Qc6 {[%clk 01:00:06]} {[%emt 00:01:40]} 43. Re1 {[%clk 00:29:26]}
{[%emt 00:00:35]} Qd6 {[%clk 00:58:57]} {[%emt 00:01:38]} 44. g3 {[%clk
00:28:45]} {[%emt 00:01:12]} Qd7 {[%clk 00:57:59]} {[%emt 00:01:27]} 45. h4
{[%clk 00:28:06]} {[%emt 00:01:10]} Qc6 {[%clk 00:57:37]} {[%emt 00:00:52]} 46.
Qc2 {[%clk 00:28:17]} {[%emt 00:00:19]} Qd7 {[%clk 00:57:01]} {[%emt 00:01:05]}
47. Re3 {[%clk 00:27:12]} {[%emt 00:01:35]} Qb5 {[%clk 00:55:50]} {[%emt
00:01:41]} 48. Ke1 {[%clk 00:23:21]} {[%emt 00:04:20]} Qd7 {[%clk 00:54:07]}
{[%emt 00:02:14]} 49. Qb3 {[%clk 00:20:45]} {[%emt 00:03:06]} Qf5 {[%clk
00:53:47]} {[%emt 00:00:50]} 50. Qxa3 {[%clk 00:18:55]} {[%emt 00:02:21]} Qb1+
{[%clk 00:53:49]} {[%emt 00:00:28]} 51. Ke2 {[%clk 00:18:56]} {[%emt 00:00:29]}
Qa1 {[%clk 00:54:11]} {[%emt 00:00:08]} 52. b5 {[%clk 00:17:15]} {[%emt
00:02:12]} Rb7 {[%clk 00:54:01]} {[%emt 00:00:39]} 53. Re8 {[%clk 00:16:50]}
{[%emt 00:00:56]} g5 {[%clk 00:52:15]} {[%emt 00:02:16]} 54. h5 {[%clk
00:17:09]} {[%emt 00:00:11]} Kh7 {[%clk 00:52:17]} {[%emt 00:00:29]} 55. Qf8
{[%clk 00:17:08]} {[%emt 00:00:31]} Qb2+ {[%clk 00:52:14]} {[%emt 00:00:33]}
56. Kf3 {[%clk 00:17:18]} {[%emt 00:00:20]} Qxc3+ {[%clk 00:52:11]} {[%emt
00:00:33]} 57. Kg2 {[%clk 00:17:39]} {[%emt 00:00:08]} Qf3+ {[%clk 00:52:35]}
{[%emt 00:00:06]} 58. Kxf3 {[%clk 00:17:59]} {[%emt 00:00:10]} g4+ {[%clk
00:53:00]} {[%emt 00:00:06]} 59. Kf4 {[%clk 00:18:21]} {[%emt 00:00:07]} Re7
{[%clk 00:53:22]} {[%emt 00:00:08]} 60. Qh8# {[%clk 00:18:40]} {[%emt
00:00:11]} 1-0

[Event "Deutsche Ländermeisterschaft 2025"]
[Site "Oer-Erkenschwick GER"]
[Date "2025.10.03"]
[Round "5"]
[White "Prokscha, Charlotte"]
[Black "Schirmbeck, Lilian"]
[Result "0-1"]
[Termination "normal"]
[Board "1.7"]
[BlackTitle "WCM"]
[WhiteElo "1767"]
[BlackElo "1927"]
[WhiteClock "00:18:33"]
[BlackClock "00:24:40"]
[WhiteTeam "Bayern"]
[BlackTeam "Nordrhein-Westfalen 1"]
[PlyCount "92"]
[WhiteFideId "34614699"]
[BlackFideId "34620532"]
[EventCountry "GER"]
[EventRounds "7"]
[EventType "team-swiss"]
[EventDate "2025.09.30"]

1. e4 {[%clk 01:30:58]} {[%emt 00:00:03]} c6 {[%clk 01:28:23]} {[%emt
00:02:35]} 2. d4 {[%clk 01:31:21]} {[%emt 00:00:09]} d5 {[%clk 01:28:52]} 3. e5
{[%clk 01:31:40]} {[%emt 00:00:11]} Bf5 {[%clk 01:28:55]} {[%emt 00:00:27]} 4.
h4 {[%clk 01:32:00]} {[%emt 00:00:10]} h5 {[%clk 01:29:04]} {[%emt 00:00:22]}
5. Bd3 {[%clk 01:32:23]} {[%emt 00:00:07]} Bxd3 {[%clk 01:29:09]} {[%emt
00:00:26]} 6. Qxd3 {[%clk 01:32:46]} {[%emt 00:00:07]} Qa5+ {[%clk 01:29:29]}
{[%emt 00:00:10]} 7. Nd2 {[%clk 01:33:09]} {[%emt 00:00:07]} e6 {[%clk
01:29:49]} {[%emt 00:00:10]} 8. Ngf3 {[%clk 01:33:13]} {[%emt 00:00:25]} Nh6
{[%clk 01:28:42]} {[%emt 00:01:38]} 9. O-O {[%clk 01:33:32]} {[%emt 00:00:12]}
Nf5 {[%clk 01:28:36]} {[%emt 00:00:36]} 10. a4 {[%clk 01:32:57]} {[%emt
00:01:04]} Be7 {[%clk 01:18:00]} {[%emt 00:11:06]} 11. b3 {[%clk 01:28:55]}
{[%emt 00:04:32]} Nxh4 {[%clk 01:15:34]} {[%emt 00:02:57]} 12. Nxh4 {[%clk
01:29:19]} {[%emt 00:00:05]} Bxh4 {[%clk 01:15:58]} {[%emt 00:00:06]} 13. Ba3
{[%clk 01:29:46]} {[%emt 00:00:04]} Qd8 {[%clk 01:13:35]} {[%emt 00:02:53]} 14.
f4 {[%clk 01:27:18]} {[%emt 00:02:57]} g6 {[%clk 01:08:28]} {[%emt 00:05:38]}
15. Nf3 {[%clk 01:24:36]} {[%emt 00:03:11]} Be7 {[%clk 01:08:38]} {[%emt
00:00:21]} 16. Bxe7 {[%clk 01:24:31]} {[%emt 00:00:34]} Qxe7 {[%clk 01:08:48]}
{[%emt 00:00:20]} 17. c4 {[%clk 01:18:25]} {[%emt 00:06:35]} O-O {[%clk
01:02:52]} {[%emt 00:06:28]} 18. Ng5 {[%clk 01:17:45]} {[%emt 00:01:09]} Kg7
{[%clk 00:58:02]} {[%emt 00:05:21]} 19. Qh3 {[%clk 01:12:31]} {[%emt 00:05:41]}
Rh8 {[%clk 00:55:25]} {[%emt 00:03:10]} 20. Kf2 {[%clk 01:10:36]} {[%emt
00:02:25]} Qb4 {[%clk 00:49:50]} {[%emt 00:06:06]} 21. Qd3 {[%clk 01:08:03]}
{[%emt 00:03:01]} Rd8 {[%clk 00:47:12]} {[%emt 00:03:08]} 22. c5 {[%clk
00:53:01]} {[%emt 00:15:34]} b6 {[%clk 00:43:35]} {[%emt 00:04:07]} 23. Rac1
{[%clk 00:50:57]} {[%emt 00:02:33]} Nd7 {[%clk 00:37:23]} {[%emt 00:06:43]} 24.
cxb6 {[%clk 00:47:34]} {[%emt 00:03:52]} Qxb6 {[%clk 00:36:59]} {[%emt
00:00:55]} 25. Rh1 {[%clk 00:47:09]} {[%emt 00:00:55]} Rh8 {[%clk 00:35:44]}
{[%emt 00:01:45]} 26. Rh3 {[%clk 00:45:42]} {[%emt 00:01:56]} c5 {[%clk
00:33:02]} {[%emt 00:03:13]} 27. Rch1 {[%clk 00:44:37]} {[%emt 00:01:34]} c4
{[%clk 00:33:03]} {[%emt 00:00:29]} 28. bxc4 {[%clk 00:39:28]} {[%emt
00:05:38]} Qb2+ {[%clk 00:31:53]} {[%emt 00:01:41]} 29. Kg1 {[%clk 00:38:25]}
{[%emt 00:01:32]} dxc4 {[%clk 00:30:50]} {[%emt 00:01:34]} 30. Qc3 {[%clk
00:33:45]} {[%emt 00:05:06]} Qb1+ {[%clk 00:22:50]} {[%emt 00:08:30]} 31. Kh2
{[%clk 00:32:26]} {[%emt 00:01:51]} Qf5 {[%clk 00:22:36]} {[%emt 00:00:46]} 32.
Rh4 {[%clk 00:21:46]} {[%emt 00:11:10]} Nb6 {[%clk 00:19:25]} {[%emt 00:03:42]}
33. a5 {[%clk 00:13:04]} {[%emt 00:09:12]} Nd5 {[%clk 00:19:48]} {[%emt
00:00:07]} 34. Qc1 {[%clk 00:13:19]} {[%emt 00:00:07]} Qd3 {[%clk 00:11:12]}
{[%emt 00:09:14]} 35. Rd1 {[%clk 00:11:20]} {[%emt 00:02:29]} Qe2 {[%clk
00:11:02]} {[%emt 00:00:31]} 36. Rh3 {[%clk 00:06:58]} {[%emt 00:05:02]} c3
{[%clk 00:10:26]} {[%emt 00:01:05]} 37. Rf3 {[%clk 00:05:05]} {[%emt 00:02:23]}
Rab8 {[%clk 00:08:55]} {[%emt 00:02:02]} 38. Nh3 {[%clk 00:04:09]} {[%emt
00:01:24]} Qb2 {[%clk 00:07:44]} {[%emt 00:01:40]} 39. Nf2 {[%clk 00:02:31]}
{[%emt 00:02:10]} c2 {[%clk 00:04:43]} {[%emt 00:03:31]} 40. Rf1 {[%clk
00:01:46]} {[%emt 00:01:13]} Qxd4 {[%clk 00:03:53]} {[%emt 00:01:23]} 41. Qxc2
{[%clk 00:00:38]} {[%emt 00:01:38]} Ne3 {[%clk 00:04:12]} {[%emt 00:00:11]} 42.
Rxe3 {[%clk 00:25:01]} {[%emt 00:06:06]} Qxe3 {[%clk 00:34:24]} {[%emt
00:00:19]} 43. Nh3 {[%clk 00:23:55]} {[%emt 00:01:35]} Rhc8 {[%clk 00:33:05]}
{[%emt 00:01:50]} 44. Qa4 {[%clk 00:23:25]} {[%emt 00:00:58]} Rb2 {[%clk
00:25:51]} {[%emt 00:07:45]} 45. Ng5 {[%clk 00:19:27]} {[%emt 00:04:29]} Rc3
{[%clk 00:24:49]} {[%emt 00:01:31]} 46. Rf3 {[%clk 00:18:33]} {[%emt 00:01:24]}
Qd2 {[%clk 00:24:40]} {[%emt 00:00:38]} 0-1